Mini-antología de cuentos tradicionales /
Guardado en:
| Autor Principal: | |
|---|---|
| Otros Autores: | |
| Formato: | Libro |
| Publicado: |
Buenos Aires :
Alfaguara,
2013
|
| Series: | Serie Morada
|
| Materias: | |
| Etiquetas: |
Agregar Etiqueta
Sin Etiquetas, Sea el primero en etiquetar este registro!
|
| LEADER | 01461nam a22002895a 4500 | ||
|---|---|---|---|
| 001 | CEM.cems015024 | ||
| 008 | 130507s2013##################000#0#####d | ||
| 005 | 20221020091600.0 | ||
| 245 | 1 | 0 | |a Mini-antología de cuentos tradicionales / |c Elsa Bronemann; ilustrado Por Pez [seudónimo] |
| 260 | |a Buenos Aires : |b Alfaguara, |c 2013 | ||
| 300 | |a 112 p. | ||
| 490 | 0 | |a Serie Morada | |
| 505 | 0 | |a La ovejita gris -- El vendedor de gorras -- Las tres lauchas -- La historia de un nabo -- El guerrero terrible -- El gallo, el ratón y la gallinita colorada -- La liebre y el erizo -- Los duendes de las narices largas -- El señor de todos los señores -- El hombre que quiso ser ama de casa -- El adivino -- ¿Cuántos burros? -- El conejo Zomo -- Saburo, el tono | |
| 020 | |a 9789870413301 | ||
| 100 | 1 | |a Bornemann, Elsa | |
| 700 | 1 | |a Pez, Alberto; il. | |
| 082 | 0 | 4 | |a A868.4 |
| 653 | |a Literatura | ||
| 653 | |a Literatura infantil | ||
| 653 | |a Cuentos infantiles | ||
| 653 | |a Cuentos tradicionales | ||
| 653 | |a Colección de ciencias de la educación | ||
| 859 | |a CEMS |b BIB. CEMS - Inicial y Primaria |h A868.4 |i B645-2 |k IP |p 4030 |t Ej.1 | ||
| 859 | |a CEMS |b BIB. CEMS - Ccias. Educacion |h A868.4 |i B645 |k CE |p 27932.19 |t Ej.1 | ||
| 859 | |a CEMS |b BIB. CEMS - Inicial y Primaria |h A868.4 |i B645-2 |k IP |p 4437 |t Ej.2 | ||
| 859 | |a CEMS |b BIB. CEMS - Ccias. Educacion |h A868.4 |i B645 |k CE |p 27933.19 |t Ej.2 | ||
| 859 | |a CEMS |b BIB. CEMS - Ccias. Educacion |h A868.4 |i B645 |k CE |p 28615.19 |t Ej.3 | ||
